The royal box. (Record no. 9207)
[ view plain ]
| 000 -LEADER | |
|---|---|
| fixed length control field | 00593cam a22002171 4500 |
| 001 - CONTROL NUMBER | |
| control field | 9323399 |
| 003 - CONTROL NUMBER IDENTIFIER | |
| control field | OSt |
| 005 - DATE AND TIME OF LATEST TRANSACTION | |
| control field | 20250901165801.0 |
| 008 - FIXED-LENGTH DATA ELEMENTS--GENERAL INFORMATION | |
| fixed length control field | 720417s1954 nyua 000 1 eng |
| 010 ## - LIBRARY OF CONGRESS CONTROL NUMBER | |
| LC control number | 54006770 |
| 035 ## - SYSTEM CONTROL NUMBER | |
| System control number | (OCoLC)285353 |
| 040 ## - CATALOGING SOURCE | |
| Original cataloging agency | DLC |
| Transcribing agency | ODaWU |
| Modifying agency | OCoLC |
| -- | DLC |
| 042 ## - AUTHENTICATION CODE | |
| Authentication code | premarc |
| 050 00 - LIBRARY OF CONGRESS CALL NUMBER | |
| Classification number | PZ 3 .K5213 1958 |
| Item number | Ro |
| Classification number | PS3521.E86 |
| 100 1# - MAIN ENTRY--PERSONAL NAME | |
| Personal name | Keyes, Frances Parkinson, |
| Dates associated with a name | 1885-1970. |
| 245 14 - TITLE STATEMENT | |
| Title | The royal box. |
| 260 ## - PUBLICATION, DISTRIBUTION, ETC. | |
| Place of publication, distribution, etc. | New York, |
| Name of publisher, distributor, etc. | J. Messner |
| Date of publication, distribution, etc. | [1954] |
| 300 ## - PHYSICAL DESCRIPTION | |
| Extent | 367 p. |
| Other physical details | illus. |
| Dimensions | 21 cm. |
| 906 ## - LOCAL DATA ELEMENT F, LDF (RLIN) | |
| a | 7 |
| b | cbc |
| c | oclcrpl |
| d | u |
| e | ncip |
| f | 19 |
| g | y-gencatlg |
| 942 ## - ADDED ENTRY ELEMENTS (KOHA) | |
| Source of classification or shelving scheme | Library of Congress Classification |
| Koha item type | Books |
| Withdrawn status | Lost status | Source of classification or shelving scheme | Damaged status | Not for loan | Home library | Current library | Shelving location | Date acquired | Total checkouts | Full call number | Barcode | Date last seen | Price effective from | Koha item type |
|---|---|---|---|---|---|---|---|---|---|---|---|---|---|---|
| Library of Congress Classification | Main Library | Main Library | 12/16/2024 | PZ 3 .K5213 1958 | PIU0009321 | 12/16/2024 | 12/16/2024 | Books |